000 01123nam0a22002411 4500
001 rc\744512
005 20260407091758.0
035 _a(NLR Aleph) 006273535
090 _a6975077
_c6975077
100 _a20040301d1985 |||y0rusy50 ca
101 0 _arus
102 _aRU
105 _ay |||||||||
200 1 _aТОПОГРАФИЯ, васкуляризация, иннервация внутренних органов и эндокринных желез
_eМетод. разраб. для студентов I-II курсов лечеб., педиатр., стоматол. и сан.-гигиен. фак.
_fМ-во здравоохранения РСФСР, Перм. гос. мед. ин-т
_g[Сост.: проф. Оленева Е.Н. и др.]
210 _aПермь
_cБ. и.
_d1985
215 _a24 с.
_d14х22
702 1 _aОленева
_bЕ.Н.
_gЕлизавета Николаевна
_4220
712 0 2 _aПермский медицинский институт
_3RU\NLR\AUTH\8817267
_9307752
801 0 _aRU
_bNLR
_gpsbo
801 1 _aRU
_bELAR
_2rusmarc
852 _aNLR
_j87-6/3504
942 _cBOOK
980 _aNB